000 01011nam a2200229Ia 4500
003 Ost
005 20260507075104.0
008 260507s9999||||xx |||||||||||||| ||und||
020 _a2064009961
040 _cfsecg
041 _aara
082 _a330
100 _aكتوش، عاشور
_eمؤلف
245 0 _aالمحاسبة المعمقة وفقا للمخطط المحاسبي الوطني /
_c عاشور كتوش
250 _aطبعة 3
260 _aالجزائر:
_bديوان المطبوعات الجامعية,
_c2008
300 _a148 صفحة؛
_bإيضاحات ؛
_c24 سم
520 _aدراسة تحليلية لبعض عناصر الإستثمارات- دراسة تقييم المخزونات- دراسة الأوراق المالية والأوراق التجارية ومعالجتها محاسبيا- دراسة الضرائب والرسوم ومعالجتها محاسبيا.
653 _aالمحاسبة
653 _aالمحاسبة المعمقة
942 _cكتاب
999 _c42815
_d42815